[Event "XXXV MEMORIAL IMIENIA LUDWIKA ZAMENHOFA 2016 - grupa A"]
[Site "Bialystok"]
[Date "2017-01-02"]
[Round "8.26"]
[White "Belczewski, Jacek"]
[Black "Ocytko, Andrzej"]
[Result "0-1"]
[WhiteTitle "I++"]
[BlackTitle "k"]
[WhiteElo "1902"]
[BlackElo "2110"]

1. d4 Nf6 2. Nf3 e6 3. c4 b6 4. a3 Bb7 5. Nc3 d5 6. Bg5 Be7 7. e3 O-O 8. cxd5 exd5
9. Bd3 Nbd7 10. b4 c6 11. O-O h6 12. Bxf6 Nxf6 13. Ne5 Bd6 14. f4 Qe7 15. Rf3
a5 16. b5 c5 17. Rg3 Rfd8 18. Na4 Bc7 19. Nc3 Kf8 20. Bg6 Bxe5 21. fxe5 Ne4 22.
Bxe4 dxe4 23. Qg4 Qg5 24. Qh3 Qe7 25. Qf5 cxd4 26. exd4 Rxd4 27. Rf1 Kg8 28. Qg4
Qg5 29. e6 f6 30. Qh3 Qc5 31. Kh1 h5 32. Ne2 Rd5 33. Nf4 Qxb5 34. Rg1 Rg5 35.
Rb3 Qc5 36. e7 Qxe7 37. Rxb6 Bd5 38. Nxd5 Rxd5 39. Qb3 Qf7 40. Rb7 Rd7 41. Rb8+
Rxb8 42. Qxb8+ Kh7 43. h3 Qd5 44. Rc1 Rb7 45. Qe8 Rb2 46. Rg1 Rd2 47. Re1 Rd1
48. Rxd1 Qxd1+ 49. Kh2 Qd6+ 50. Kg1 Qe5 51. Qd7 e3 52. Qd3+ f5 53. Kf1 Qf4+ 54.
Ke1 Qf2+ 55. Kd1 Qd2+ 56. Qxd2 exd2 57. Kxd2 g5 58. Kc3 Kg6 59. Kd4 Kf6 60. Kd5
h4 61. a4 g4 0-1

[Event "XXXV MEMORIAL IMIENIA LUDWIKA ZAMENHOFA 2016 - grupa A"]
[Site "Bialystok"]
[Date "2017-01-02"]
[Round "8.27"]
[White "Daniel, Damian"]
[Black "Oglaza, Oskar"]
[Result "0-1"]
[WhiteTitle "I+"]
[BlackTitle "k"]
[WhiteElo "2030"]
[BlackElo "2066"]

1. d4 f5 2. c4 Nf6 3. g3 g6 4. Bg2 Bg7 5. Nc3 O-O 6. e3 d6 7. Nge2 e5 8. O-O c6
9. b4 Nbd7 10. Qb3 e4 11. a4 Re8 12. Rd1 Nf8 13. Ba3 d5 14. cxd5 cxd5 15. Rac1
g5 16. Rc2 Ne6 17. Bh3 f4 18. Bxe6+ Bxe6 19. exf4 e3 20. f3 g4 21. fxg4 Bxg4 22.
Re1 Qd7 23. Nc1 Qf5 24. Nd1 Bxd1 25. Rxd1 Ne4 26. Qd3 Qe6 27. Qxe3 Qh3 28. Qb3
Bxd4+ 29. Rxd4 Nd2 30. Qd3 Re1+ 31. Kf2 Rf1+ 32. Ke3 Qe6+ 33. Re4 Nxe4 0-1

[Event "XXXV MEMORIAL IMIENIA LUDWIKA ZAMENHOFA 2016 - grupa A"]
[Site "Bialystok"]
[Date "2017-01-02"]
[Round "8.28"]
[White "Krasiewicz, Robert"]
[Black "Kokoszczynski, Jan"]
[Result "0-1"]
[WhiteTitle "k+"]
[BlackTitle "k"]
[WhiteElo "2048"]
[BlackElo "2076"]

1. c4 e5 2. g3 Nf6 3. Bg2 Nc6 4. Nc3 Bc5 5. e3 O-O 6. Nge2 Re8 7. O-O d6 8. d4
Bb6 9. h3 h6 10. Re1 exd4 11. exd4 Nxd4 12. Nd5 Nxd5 13. cxd5 Nxe2+ 14. Rxe2 Bf5
15. a4 a5 16. Bd2 Qd7 17. g4 Bg6 18. Ra3 Rxe2 19. Qxe2 Re8 20. Qc4 Bc5 21. Ra2
Qe7 22. Bf3 Qh4 23. Qf1 Qf6 24. Bg2 Bd4 25. Bxa5 Bd3 26. Qxd3 Qxf2+ 27. Kh2 Qg1+
28. Kg3 Re3+ 29. Qxe3 Qxe3+ 30. Kh2 Be5+ 0-1

[Event "XXXV MEMORIAL IMIENIA LUDWIKA ZAMENHOFA 2016 - grupa A"]
[Site "Bialystok"]
[Date "2017-01-02"]
[Round "8.29"]
[White "Beks, Edmunds"]
[Black "Kohut, Anna"]
[Result "1-0"]
[WhiteTitle "k"]
[BlackTitle "k+"]
[WhiteElo "2068"]
[BlackElo "2007"]

1. e4 c5 2. b3 e6 3. Bb2 d5 4. exd5 exd5 5. Nf3 Nf6 6. Bb5+ Bd7 7. Qe2+ Qe7 8.
Ne5 a6 9. Bxd7+ Nfxd7 10. O-O Nxe5 11. Qxe5 Qxe5 12. Bxe5 Nc6 13. Re1 O-O-O 14.
Nc3 f6 15. Bf4 Nd4 16. Rac1 g5 17. Bg3 b5 18. Nd1 Bd6 19. Bxd6 Rxd6 20. Ne3 Kd7
21. Kf1 Re8 22. c3 Nc6 23. Nf5 Rxe1+ 24. Rxe1 Re6 25. Re3 Rxe3 26. fxe3 Ke6 27.
Ng7+ Kf7 28. Nf5 Ke6 29. Ng7+ Kd7 30. Ke2 a5 31. d4 c4 32. bxc4 bxc4 33. e4 Ne7
34. Ke3 Kc6 35. Ne6 dxe4 36. Kxe4 Kd6 37. Nd8 f5+ 38. Ke3 Nd5+ 39. Kd2 Kd7 40.
Nb7 f4 41. Nxa5 Ne3 42. Nb7 Nxg2 43. Nc5+ Kc6 44. Ne6 h6 45. Nd8+ Kd7 46. Nf7
Ne3 47. Ke2 Nf5 48. Ne5+ Ke6 49. a4 Nd6 50. Kd2 Ne4+ 51. Kc2 Nd6 52. a5 h5 53.
a6 Nb5 54. Nxc4 g4 55. Kd2 g3 56. hxg3 fxg3 57. Ke3 Kd5 58. Ne5 Nc7 59. c4+ Kd6
60. a7 Na8 61. Kf3 h4 62. Ng6 Kc7 63. d5 Kb7 64. d6 Kc6 65. c5 Kd7 66. Ne5+ Ke6
67. d7 Ke7 68. c6 Kd8 69. Nf7+ 1-0

[Event "XXXV MEMORIAL IMIENIA LUDWIKA ZAMENHOFA 2016 - grupa A"]
[Site "Bialystok"]
[Date "2017-01-02"]
[Round "8.31"]
[White "Golecki, Jan"]
[Black "Harazinska, Magdalena"]
[Result "1-0"]
[WhiteTitle "I++"]
[BlackTitle "k"]
[WhiteElo "1823"]
[BlackElo "1930"]

1. e4 c5 2. Nf3 e6 3. d4 cxd4 4. Nxd4 a6 5. c4 Nf6 6. Nc3 Bb4 7. Qd3 Qc7 8. Be2
Nc6 9. Nxc6 bxc6 10. O-O O-O 11. f4 e5 12. Kh1 d6 13. fxe5 dxe5 14. Rxf6 gxf6
15. Bh6 Kh8 16. Qf3 f5 17. Bxf8 Bxf8 18. exf5 f6 19. Ne4 Qg7 20. c5 Rb8 21. b3
a5 22. Rd1 Be7 23. Bc4 Qf8 24. Qh5 a4 25. Rd3 axb3 26. Bxb3 Ba6 27. Rh3 Qg7 28.
Rg3 Qf8 29. Qg4 Rd8 30. a4 Rb8 31. Nd6 Bxd6 32. cxd6 c5 33. Qg8+ Qxg8 34. Rxg8+
Rxg8 35. Bxg8 Bc8 36. Be6 1-0

[Event "XXXV MEMORIAL IMIENIA LUDWIKA ZAMENHOFA 2016 - grupa A"]
[Site "Bialystok"]
[Date "2017-01-02"]
[Round "8.32"]
[White "Parol, Pola"]
[Black "Fus, Jakub"]
[Result "0-1"]
[WhiteTitle "k"]
[BlackTitle "I++"]
[WhiteElo "2040"]
[BlackElo "2033"]

1. e4 e6 2. d4 d5 3. Nc3 Bb4 4. e5 Ne7 5. Nf3 c5 6. a3 Bxc3+ 7. bxc3 b6 8. Bb5+
Bd7 9. Bd3 c4 10. Be2 Ba4 11. h4 h6 12. h5 Kd7 13. Nh4 Qg8 14. Be3 Qh7 15. Kd2
Na6 16. f4 g6 17. Ra2 Nc7 18. Rh3 Qg7 19. hxg6 fxg6 20. g4 Rag8 21. Qf1 Rf8 22.
Rf3 Qh7 23. Qf2 Rhg8 24. Bf1 h5 25. g5 Ne8 26. Bh3 Ng7 27. Rb2 b5 28. Qg3 Ngf5
29. Nxf5 Nxf5 30. Bxf5 Rxf5 31. Qh4 Qe7 32. Ra2 Rgf8 33. Rg3 Ra8 34. Rg1 Rff8
35. Ke2 Qf7 36. Qh3 Rfb8 37. Bd2 Qf8 38. Rga1 a5 39. Qg3 Qf5 40. Kd1 h4 41. Qxh4
Rh8 42. Qf2 Rh1+ 43. Be1 Rah8 44. Rc1 R8h2 45. Qf3 Rh3 46. Qg2 R1h2 47. Qf1 Qg4+
0-1

[Event "XXXV MEMORIAL IMIENIA LUDWIKA ZAMENHOFA 2016 - grupa A"]
[Site "Bialystok"]
[Date "2017-01-02"]
[Round "8.33"]
[White "Hrymowicz, Artur"]
[Black "Rudzinska, Michalina"]
[Result "1/2-1/2"]
[WhiteTitle "I+"]
[BlackTitle "k"]
[WhiteElo "1951"]
[BlackElo "1975"]

1. e4 c5 2. Nf3 e6 3. d4 cxd4 4. Nxd4 a6 5. c4 Nf6 6. Nc3 Bb4 7. Bd3 Nc6 8. Be3
Qc7 9. O-O Ne5 10. Qe2 Neg4 11. g3 Nxe3 12. Qxe3 d6 13. Nb3 O-O 14. Rac1 Bxc3
15. Rxc3 b6 16. Rd1 Bb7 17. Nd2 Rac8 18. Bf1 Bc6 19. Bg2 Rfd8 20. Rcc1 Qb7 21.
f4 b5 22. a3 bxc4 23. Nxc4 Bxe4 24. Nxd6 Rxc1 25. Rxc1 Rxd6 26. Bxe4 Nxe4 27.
Qxe4 Rd5 28. Qe3 h6 29. Qc3 1/2-1/2